| 000 | 00557nam a2200181Ia 4500 | ||
|---|---|---|---|
| 003 | GCL | ||
| 040 |
_aGCL / _cGCL |
||
| 082 | 0 | 4 |
_a909.097671082 _bS I |
| 100 | 1 | _aSCHULZE, REINHARD | |
| 245 | 1 | 0 |
_aISLAMISCHER INTERNATIIONALISMUS IM 20: JAHRHUNDERT: UNTERSUCHUNGEN ZUR GESCHICHTE DER ISLAMISCHEN WELTLIGA / _cSCHULZE, REINHARD |
| 260 |
_a[S.N] : _bE. J. BRILL ، _c1989 |
||
| 300 | _a509 P | ||
| 650 | 0 | 4 | _aMUSLIM WORLD - LEAGUE |
| 650 | 0 | 4 | _aPANISLAMISM |
| 650 | 0 | 4 | _aISLAM - 20TH CENTURY |
| 650 | 0 | 4 | _aISLAM - SAUDI ARABIA - HISTORY |
| 942 |
_2ddc _cBK |
||
| 999 |
_c14236 _d14236 |
||